000 01077nam a22003133u 4500
001 DHIM2026030213280031
003 RU-10907106
005 20260323085241.0
007 tu
008 260302s2024 gau ||| ||| 000 0 geo d
020 _9978-9941-8-6383-7
_a9789941863837
040 _aRU-10907106
_bger
_cRU-10907106
041 _ageo
100 1 _4aut
_akaizeri, k̕ler
_968749
245 0 _ak̕art̕veli da sabčoeli
_btitulirebuli eri da stalinis ač̕rdili kavkasiaši
264 1 _aTbilisi
_bZiari Press
_c2024
300 _a359 Seiten
336 _2rdacontent
_aText
_btxt
337 _2rdamedia
_aOhne Hilfsmittel zu benutzen
_bn
338 _2rdacarrier
_aBand
_bnc
547 _6Das Werk erschien erstmals 2022 im Englischen unter dem Titel "Georgian and Soviet: Entitled Nationhood and the Specter of Stalin in the Caucasus" von Claire P. Kaiser.
650 _aDemographie
650 _aIdentifikation
_968750
650 _aGeschichtsdarstellung
650 _aNationale Politik
_968751
651 _aGeorgien
651 _aSowjetunion
942 _2z
_cMG
999 _c73863
_d73863